00373nam a2200157Ia 45000010006000000050017000060080041000230410008000640820015000721000034000872450041001212600009001623000028001716500008001996540008002071939320260306172650.0260306t1991||||xx |||||||||||||| ||spa|| aESP a659.1bF38 aFerrer Rosello, ClementeeAUT 0a¿Quién elige la mejor publicidad? c1991 a183 páginas :c24 cm. aGEN aCAN